00379nam a2200157 a 45000010005000000030009000050080041000140400028000550820016000831000020000992450028001192600034001473000009001814900015001906500016002057057CO-ViMGA141112s2004 ck r 000 u spa d aCO-ViMGAbspacCO-ViMGA04a153.35 D3561 aDemory, Bernard10aTecnicas de creatividad aBarcelona : bGranica, c1991 a19 p aAcció, 714aCREATIVIDAD